[Event "TIPC 2005"]
[Site "Charleroi"]
[Date "2005.08.05"]
[Round "8"]
[White "Deboulle M"]
[Black "Marchiano M"]
[Result "0-1"]
[WhiteElo "1737"]
[BlackElo "1512"]
[PlyCount "58"]

1. e4 e5 2. Nf3 Nc6 3. d4 exd4 4. Bc4 Bc5 5. O-O
Nf6 6. Bg5 d6 7. Re1 Bg4 8. Nbd2 Ne5 9. Be2 Be6 10. Nb3 h6 11. Bh4 Bxb3 12.
axb3 Nxf3+ 13. Bxf3 O-O 14. e5 dxe5 15. Rxe5 Qd6 16. Bxf6 gxf6 17. Rh5 f5 18.
Rxf5 Bb6 19. Qd2 c6 20. Rh5 Kg7 21. Rh3 Rae8 22. Rg3+ Kh8 23. Rh3 Kg7 24. Bh5
Re5 25. Rg3+ Kh8 26. Rg6 fxg6 27. Qxh6+ Kg8 28. Bxg6 Qe7 29. Qh3 Re1+ 0-1

[Event "TIPC 2005"]
[Site "Charleroi"]
[Date "2005.08.05"]
[Round "8"]
[White "Collart D"]
[Black "Werner G"]
[Result "0-1"]
[WhiteElo "1453"]
[BlackElo "1799"]
[PlyCount "52"]

1. d4 e6 2. Nf3 Nf6 3. c4 b6 4. Nc3 Bb4 5. Bg5
Bb7 6. e3 h6 7. Bh4 g5 8. Bg3 Ne4 9. Rc1 Nxg3 10. hxg3 Nc6 11. Bd3 a6 12. Qc2
Bf8 13. a3 Bg7 14. Be4 f5 15. Bd3 Qe7 16. b4 f4 17. Bg6+ Kd8 18. d5 Ne5 19.
Nxe5 Bxe5 20. Rd1 fxe3 21. dxe6 exf2+ 22. Kf1 Qxe6 23. Nd5 Bxg3 24. Ne3 Qxe3
25. Rxd7+ Kc8 26. Qe2 Bxg2+ 0-1

[Event "TIPC 2005"]
[Site "Charleroi"]
[Date "2005.08.05"]
[Round "8"]
[White "Cottenier C"]
[Black "Bonafede L"]
[Result "1/2-1/2"]
[WhiteElo "1648"]
[BlackElo "1532"]
[PlyCount "24"]

1. e4 c5 2. Nf3 Nc6 3. d4 cxd4 4. Nxd4 e5 5. Nb5
a6 6. Nd6+ Bxd6 7. Qxd6 Qf6 8. Qxf6 Nxf6 9. Nc3 Nb4 10. Kd1 d5 11. a3 d4 12. f3
Be6 1/2-1/2

[Event "TIPC 2005"]
[Site "Charleroi"]
[Date "2005.08.05"]
[Round "8"]
[White "Bréda P"]
[Black "Georges B"]
[Result "0-1"]
[WhiteElo "1150"]
[BlackElo "1776"]
[PlyCount "54"]

1. e4 Nf6 2. Nc3 d5 3. d3 d4 4. Nce2 e5 5. g3 c5
6. b3 Nc6 7. Nf3 Be7 8. Bg2 O-O 9. O-O Bd7 10. c4 Qc8 11. h3 Bxh3 12. a3 Bg4
13. Bd2 a5 14. Qc2 h6 15. Qb2 Nh7 16. Kh2 Qe6 17. Bc1 Qg6 18. Rh1 f5 19. Ne1
fxe4 20. Bxe4 Rxf2+ 21. Kg1 Qf6 22. Bf4 Rxe2 23. Qc1 Rf8 24. Ng2 Rxe4 25. dxe4
exf4 26. gxf4 Bf3 27. e5 Qf5 0-1

[Event "TIPC 2005"]
[Site "Charleroi"]
[Date "2005.08.06"]
[Round "9"]
[White "Deboulle P"]
[Black "Burel I"]
[Result "0-1"]
[WhiteElo "1492"]
[BlackElo "1510"]
[PlyCount "22"]

1. e4 c5 2. Nf3 e6 3. d4 cxd4 4. Nxd4 Nf6 5. Nc3
d6 6. Bd3 a6 7. Be3 b5 8. O-O Nbd7 9. f4 Bb7 10. Nf3 Ng4 11. Bd2 Qb6+ 0-1

[Event "TIPC 2005"]
[Site "Charleroi"]
[Date "2005.08.06"]
[Round "9"]
[White "Gouliev N"]
[Black "Karpatchev A"]
[Result "1-0"]
[WhiteElo "2555"]
[BlackElo "2487"]
[PlyCount "181"]

1. e4 e5 2. Nf3 Nf6 3. d4 Nxe4 4. Bd3 d5 5. Nxe5 Nd7 6.
Nxd7 Bxd7 7. O-O Bd6 8. Nc3 Nxc3 9. bxc3 O-O 10. Qh5 f5 11. Re1 c6 12. Bg5 Qc7
13. c4 Be8 14. Qh3 dxc4 15. Bxc4+ Bf7 16. Be6 Bxe6 17. Rxe6 Rae8 18. Qb3 Rxe6
19. Qxe6+ Rf7 20. h4 h6 21. Bd2 Qe7 22. Re1 Qxe6 23. Rxe6 Rd7 24. Re8+ Kf7 25.
Ra8 a6 26. g3 Bc7 27. c3 Rd8 28. Rxd8 Bxd8 29. Kf1 Ke6 30. Ke2 Kd5 31. Kd3 b5
32. Bc1 Be7 33. h5 c5 34. dxc5 Bxc5 35. f3 Bd6 36. g4 fxg4 37. fxg4 Be7 38. Bf4
Bf6 39. Bc7 Be5 40. Ba5 Bd6 41. Bb4 Bf4 42. Bf8 Be5 43. Be7 Bf6 44. Bb4 Ke5 45.
Ke3 Bg5+ 46. Kf3 Kd5 47. Ba5 Kc4 48. Ke4 Bf6 49. Kf5 Kd3 50. Bb4 Kc2 51. Kg6
Kb2 52. Bf8 Bxc3 53. Bxg7 Bxg7 54. Kxg7 Kxa2 55. g5 b4 56. gxh6 b3 57. h7 b2
58. h8=Q b1=Q 59. Qg8+ Ka3 60. Qf8+ Ka4 61. Qf4+ Ka5 62. Qc7+ Ka4 63. Qc4+ Ka5
64. Qd5+ Ka4 65. Qd4+ Ka5 66. Qe5+ Ka4 67. Qf4+ Ka5 68. h6 Qb7+ 69. Kg6 Qc6+
70. Kg5 Qg2+ 71. Kf5 Qc2+ 72. Qe4 Qf2+ 73. Kg5 Qd2+ 74. Kg6 Qd6+ 75. Kg7 Qg3+
76. Kf6 Qd6+ 77. Qe6 Qd8+ 78. Kg6 Qd4 79. h7 Qg1+ 80. Kf6 Qh1 81. Qe5+ Kb4 82.
Qb8+ Ka5 83. Qd8+ Ka4 84. Qe8+ Ka5 85. h8=Q Qf3+ 86. Kg7 Qc3+ 87. Kg8 Qc4+ 88.
Qf7 Qc8+ 89. Kg7 Qg4+ 90. Qg6 Qd7+ 91. Kh6 1-0

[Event "TIPC 2005"]
[Site "Charleroi"]
[Date "2005.08.06"]
[Round "9"]
[White "Ivanov M"]
[Black "Dal Borgo A"]
[Result "1-0"]
[WhiteElo "2462"]
[BlackElo "2196"]
[PlyCount "43"]

1. d4 d5 2. Nf3 Nf6 3. c4 c6 4. Qc2 dxc4 5. e4 b5 6. b3
cxb3 7. axb3 e6 8. Bd3 h6 9. O-O Bb7 10. Rd1 a6 11. Bd2 Nbd7 12. Ba5 Qc8 13. b4
Be7 14. Nbd2 O-O 15. Nb3 Re8 16. Rac1 Bf8 17. e5 Nd5 18. Nc5 Nxc5 19. dxc5 f5
20. exf6 Nxf6 21. Bg6 Re7 22. Ne5 1-0

[Event "TIPC 2005"]
[Site "Charleroi"]
[Date "2005.08.06"]
[Round "9"]
[White "Vandevoort P"]
[Black "Chatalbashev B"]
[Result "0-1"]
[WhiteElo "2414"]
[BlackElo "2499"]
[PlyCount "54"]

1. e4 g6 2. d4 Bg7 3. Nc3 c6 4. Nf3 d6 5. Be3 Nf6 6. Qd2
O-O 7. Bd3 Nbd7 8. Bh6 e5 9. O-O-O Qe7 10. Rhe1 b5 11. h3 Re8 12. Ne2 a6 13. g4
c5 14. c3 cxd4 15. cxd4 exd4 16. Bxg7 Kxg7 17. g5 Nh5 18. Bc2 Ne5 19. Nfxd4 Nc4
20. Qc3 Qxg5+ 21. f4 Qf6 22. b3 Na3 23. Bd3 Bxh3 24. Qb4 Rac8+ 25. Kd2 Nxf4 26.
Nxf4 Qxf4+ 27. Re3 Bg4 0-1

[Event "TIPC 2005"]
[Site "Charleroi"]
[Date "2005.08.06"]
[Round "9"]
[White "Antic D"]
[Black "Laurent B"]
[Result "1-0"]
[WhiteElo "2512"]
[BlackElo "2328"]
[Annotator "CREC"]
[PlyCount "47"]

1. d4 Nf6 2. c4 e6 3. Nf3 c5 4. d5 d6 5. Nc3
exd5 6. cxd5 g6 7. Nd2 a6 8. a4 Nbd7 9. e4 Bg7 10. Be2 O-O 11. O-O Ne8 12. a5
f5 13. exf5 Rxf5 14. Bg4 Rf8 15. Be6+ Kh8 16. Nde4 h6 17. Qg4 Ne5 18. Qh3 Nf7
19. f4 Nc7 20. Ng3 Qe7 21. f5 Ng5 22. Bxg5 Qxg5 23. Nge4 Nxe6 24. dxe6 1-0

[Event "TIPC 2005"]
[Site "Charleroi"]
[Date "2005.08.06"]
[Round "9"]
[White "Van Uytven E"]
[Black "Vanderwaeren S"]
[Result "0-1"]
[WhiteElo "2199"]
[BlackElo "2299"]
[PlyCount "40"]

1. e4 Nf6 2. Nc3 d5 3. d3 dxe4 4. Bg5 exd3 5. Bxd3 Nc6 6.
Qe2 Nd4 7. Qd2 e5 8. O-O-O Be7 9. Nge2 Ne6 10. Be3 c6 11. f3 O-O 12. Bc4 Qxd2+
13. Rxd2 b5 14. Bb3 Nc5 15. Kb1 Nxb3 16. axb3 Be6 17. Ne4 Nxe4 18. fxe4 a5 19.
Nc3 a4 20. bxa4 b4 0-1

[Event "TIPC 2005"]
[Site "Charleroi"]
[Date "2005.08.06"]
[Round "9"]
[White "Uhoda P"]
[Black "Majewski P"]
[Result "1-0"]
[WhiteElo "2195"]
[BlackElo "1799"]
[PlyCount "61"]

1. d4 d5 2. c4 dxc4 3. Nf3 e6 4. e3 Nf6 5. Bxc4 c5 6. O-O
Nc6 7. Qe2 a6 8. a4 Qc7 9. Re1 Bd7 10. Nc3 Rc8 11. d5 Ne5 12. Nxe5 Qxe5 13. f4
Qb8 14. e4 e5 15. f5 Qd6 16. g4 Be7 17. g5 Ng8 18. Be3 h5 {(=)} 19. Rf1 Kd8 20.
a5 f6 21. h4 fxg5 22. hxg5 g6 23. Qf2 Kc7 24. f6 Bf8 25. f7 Kb8 26. fxg8=Q Rxg8
27. Qf6 Bh3 28. Qxd6+ Bxd6 29. Rf3 Bg4 30. Rf6 Rcd8 31. Raf1 1-0

[Event "TIPC 2005"]
[Site "Charleroi"]
[Date "2005.08.06"]
[Round "9"]
[White "Delcour E"]
[Black "Russo J"]
[Result "0-1"]
[WhiteElo "1756"]
[BlackElo "1987"]
[PlyCount "34"]

1. e4 e6 2. d4 d5 3. exd5 exd5 4. c4 Nc6 5. Nc3 Nf6 6. Bg5
Be7 7. Nf3 Be6 8. c5 O-O 9. Bb5 Bg4 10. Bxc6 bxc6 11. b4 Ne4 12. Bd2 Rb8 13. a3
Bf6 14. Qc2 Re8 15. O-O-O Nxf2 16. h3 Bh5 17. Ne5 Bxe5 0-1

[Event "TIPC 2005"]
[Site "Charleroi"]
[Date "2005.08.06"]
[Round "9"]
[White "Van Steenkiste V"]
[Black "Bolzoni V-A"]
[Result "0-1"]
[WhiteElo "2068"]
[BlackElo "2210"]
[PlyCount "60"]

1. e4 c5 2. Nf3 e6 3. d4 cxd4 4. Nxd4 Nf6 5. Nc3 Nc6 6.
Ndb5 Bb4 7. a3 Bxc3+ 8. Nxc3 d5 9. exd5 exd5 10. Qe2+ Be6 11. Bg5 O-O 12. O-O-O
Re8 13. Qb5 h6 14. Bh4 Qd6 15. Bg3 Qd7 16. Bd3 a6 17. Qb6 d4 18. Ne4 Nd5 19.
Qc5 f5 20. Qd6 fxe4 21. Bxe4 Qxd6 22. Bxd6 Rad8 23. Bc5 Bg4 24. f3 Rxe4 25.
fxe4 Bxd1 26. Rxd1 Ne3 27. Rd2 b6 28. Bxb6 Rf8 29. b3 Rf1+ 30. Kb2 Nd1+ 0-1

[Event "TIPC 2005"]
[Site "Charleroi"]
[Date "2005.08.06"]
[Round "9"]
[White "Wautelet P"]
[Black "Guebel Y"]
[Result "1/2-1/2"]
[WhiteElo "1624"]
[BlackElo "1967"]
[PlyCount "47"]

1. d4 d5 2. c4 c6 3. e3 Nf6 4. Nc3 e6 5. Nf3 Nbd7 6. Bd3
dxc4 7. Bxc4 b5 8. Be2 Bb7 9. O-O b4 10. Na4 Bd6 11. b3 O-O 12. Bb2 Qe7 13. Rc1
Rac8 14. Ne5 c5 15. Bf3 Bxf3 16. Qxf3 cxd4 17. Nc6 Qe8 18. Bxd4 a6 19. Rc4 {(=)
} e5 20. Bb2 Qe6 21. Rfc1 e4 22. Qd1 Rce8 23. Nxb4 Ne5 24. Bxe5 {(=)} 1/2-1/2

[Event "TIPC 2005"]
[Site "Charleroi"]
[Date "2005.08.06"]
[Round "9"]
[White "Ringoir T"]
[Black "Minyeyevtsev S"]
[Result "1/2-1/2"]
[WhiteElo "1880"]
[BlackElo "2183"]
[PlyCount "25"]

1. e4 c5 2. Nc3 e6 3. g3 d5 4. exd5 exd5 5. d4 Nc6 6. Be3
Nf6 7. Nge2 c4 8. Bg2 {(=)} Be6 9. O-O Be7 10. Nf4 Qd7 11. Re1 O-O 12. Nxe6 {
(=)} Qxe6 13. Bg5 1/2-1/2

[Event "TICP 2005"]
[Site "Charleroi"]
[Date "2005.08.06"]
[Round "9"]
[White "Vanhee F"]
[Black "Charlier B"]
[Result "1-0"]
[WhiteElo "1949"]
[BlackElo "1609"]
[PlyCount "53"]

1. e4 c5 2. Nc3 d6 3. Bb5+ Bd7 4. Bxd7+ Qxd7 5. f4 Nc6 6.
Nf3 g6 7. O-O Bg7 8. d3 e6 9. Qe1 Nge7 10. e5 dxe5 11. fxe5 Nf5 12. Bf4 Ncd4
13. Qf2 h6 14. g4 g5 15. gxf5 gxf4 16. f6 Bxf6 17. exf6 Rg8+ 18. Kh1 Qc6 19.
Ne4 e5 20. Nxd4 cxd4 21. Rg1 Rg6 22. Rxg6 fxg6 23. Qg2 Kf7 24. Rg1 g5 25. Qg4
Rg8 26. Qf5 Rg6 27. Qxe5 1-0

[Event "TIPC 2005"]
[Site "Charleroi"]
[Date "2005.08.06"]
[Round "9"]
[White "Jassem P"]
[Black "Versailles M"]
[Result "1/2-1/2"]
[WhiteElo "1648"]
[BlackElo "1759"]
[PlyCount "22"]

1. e4 e5 2. Nf3 Nc6 3. d4 exd4 4. Nxd4 Nxd4 5. Qxd4 d6 6.
Be3 Be7 7. Nc3 Nf6 8. f3 O-O 9. g4 Be6 10. O-O-O Nd7 11. Qd2 Ne5 {(=)} 1/2-1/2

[Event "TIPC 2005"]
[Site "Charleroi"]
[Date "2005.08.06"]
[Round "9"]
[White "Marchiano M"]
[Black "Burnay G"]
[Result "1/2-1/2"]
[WhiteElo "1512"]
[BlackElo "1941"]
[PlyCount "33"]

1. e4 c5 2. Nf3 Nc6 3. d4 cxd4 4. Nxd4 Nf6 5. Nc3 e5 6.
Ndb5 d6 7. Bg5 a6 8. Na3 b5 9. Nd5 Be7 10. Bxf6 Bxf6 11. c3 Ne7 12. Nc2 Nxd5
13. Qxd5 Be6 14. Qc6+ Kf8 15. a4 bxa4 16. Qxa4 g6 17. Bxa6 1/2-1/2

[Event "TIPC 2005"]
[Site "Charleroi"]
[Date "2005.08.06"]
[Round "9"]
[White "Reyskens J"]
[Black "Detraux D"]
[Result "1/2-1/2"]
[WhiteElo "1791"]
[BlackElo "1573"]
[PlyCount "49"]

1. e4 Nf6 2. Nc3 d5 3. e5 Ne4 4. Nxe4 dxe4 5. d4 exd3 6.
Qxd3 Qxd3 7. Bxd3 g6 8. Be3 Bg7 9. f4 Be6 10. Nf3 f6 11. exf6 exf6 {(=)} 12.
Bb5+ c6 13. Bd3 f5 14. Bd4 Bxd4 15. Nxd4 Bd5 16. O-O Nd7 17. Rfe1+ Kf7 18. c4
Nc5 19. Bxf5 Bxc4 20. b3 Rad8 21. Nf3 Bd5 {(=)} 22. Ne5+ Kf6 23. Bc2 Nd7 24.
Ng4+ Kf7 25. Rad1 {(=)} 1/2-1/2

[Event "TIPC 2005"]
[Site "Charleroi"]
[Date "2005.08.06"]
[Round "9"]
[White "Rogmans J"]
[Black "Tannemaat S"]
[Result "0-1"]
[WhiteElo "1761"]
[BlackElo "1956"]
[PlyCount "50"]

1. d4 Nf6 2. Nf3 e6 3. e3 d5 4. Bd3 Be7 5. b3 O-O 6. Bb2 c5
7. O-O Nc6 8. Nbd2 b6 9. a3 Bb7 10. Ne5 Rc8 11. f4 cxd4 12. exd4 g6 13. g4 Nxe5
14. fxe5 Ne4 15. Bxe4 dxe4 16. c4 Bg5 17. Qe2 e3 18. Nf3 Bh6 19. Rad1 {(=)} b5
20. c5 Qd5 21. Rd3 f5 22. g5 Bxg5 23. Rxe3 Bxe3+ 24. Qxe3 Qe4 25. Qh6 Qg4+ 0-1

[Event "TIPC 2005"]
[Site "Charleroi"]
[Date "2005.08.06"]
[Round "9"]
[White "Cuypers T"]
[Black "Glibert S"]
[Result "1/2-1/2"]
[WhiteElo "1565"]
[BlackElo "1827"]
[PlyCount "37"]

1. e4 c5 2. c3 Nf6 3. d3 Nc6 4. Nf3 d6 5. Be2 e6 6. Bg5 Be7
7. O-O O-O 8. Na3 a6 9. Nc2 d5 10. e5 Nd7 11. Bxe7 Qxe7 12. d4 cxd4 13. cxd4
Nb6 14. b3 Bd7 15. Bd3 Be8 16. Nfe1 f6 17. f4 fxe5 18. fxe5 Rxf1+ 19. Kxf1 {(=)
} 1/2-1/2